About OHE : a description of the organisation and work of the Office of Health Economics.

Saved in:
Bibliographic Details
Corporate Author: Office of Health Economics (London, England)
Format: Book
Language:English
Published: Lond. : Office of Health Economics, 1968.
Subjects:
LEADER 00827nam a22002051 4500
001 c000343695
003 CARM
005 00000000000000.0
008 851003s1968 enk 0 eng d
019 1 |a 3959160  |5 LACONCORD2021 
035 |a (OCoLC)14486779  |5 LACONCORD2021 
110 2 |a Office of Health Economics (London, England). 
245 1 0 |a About OHE :  |b a description of the organisation and work of the Office of Health Economics. 
260 |a Lond. :  |b Office of Health Economics,  |c 1968. 
300 |a 12pp. 
610 2 0 |a Office of Health Economics (London, England) 
852 8 |b CARM  |h A1:AM30G0  |i B09735  |p 0440670  |f BK 
082 0 4 |a 362.942 
999 f f |i 706ccb90-178d-56ed-8651-46224f0944ae  |s 7e01f822-cb57-5b92-a649-1b719ce4f1ac 
952 f f |p Can circulate  |a CAVAL  |b CAVAL  |c CAVAL  |d CARM 1 Store  |e B09735  |f A1:AM30G0  |h Other scheme  |i book  |m 0440670